| 000 | 01402nam a2200325 a 4500 | ||
|---|---|---|---|
| 001 | BRCA_3138 | ||
| 005 | 20190320204129.0 | ||
| 008 | 050209s1866----fr-a---###---#000-0dfre-u | ||
| 041 | _afre | ||
| 044 | _afr | ||
| 084 |
_a442 _b.J68 1866 |
||
| 100 | 1 |
_aCervantes Saavedra, Miguel de _d1547-1616 _9213 |
|
| 245 | 1 | 0 |
_aL´Ingénieux Chevalier Don Quichotte de la Manche _cpar Michel Cervantes. |
| 260 |
_aParís _bFurne Jouvet _c1866 |
||
| 300 |
_a2 v. _bil. _c30 cm. |
||
| 500 | _aContenido : v 1. Primera parte. Retrato de Cervantes. Vida de Cervantes. Prólogo del autor. Nota del traductor. Texto. -- v 2. Segunda parte. Prólogo del autor. Texto | ||
| 500 | _aEdición : Traduction nouvelle par Ch. Furne. Ilustrée de 160 dessins par G. granvés par Yon et Perrichon | ||
| 500 | _aEjemplar por completo igual al anterior (441). Rústica Lúdovik Osterc | ||
| 500 | _aEstado físico : Cada volumen contiene 4 tomos encuadernados en papel | ||
| 500 | _aQM365(?) | ||
| 546 | _aTexto en : francés | ||
| 650 | 1 | 4 |
_aNovela española _yÉpoca clásica, 1500-1700 _9215 |
| 650 | 1 | 4 |
_aLiteratura española _yÉpoca clásica, 1500-1700 _9216 |
| 650 | 1 | 4 |
_aNovela española _ySiglo XVII _9217 |
| 650 | 1 | 4 |
_aDon Quijote (Personaje ficticio) _eNovela _9218 |
| 700 | 1 |
_aFourne, Ortaire _eTraductor _98500 |
|
| 740 | 0 | _aEl Ingenioso Hidalgo Don Quijote de la Mancha | |
| 902 | _aQFM | ||
| 942 |
_2lcc _cB |
||
| 999 |
_c2874 _d2874 |
||